| 000 | 00445ntaaa2200181 4500 | ||
|---|---|---|---|
| 003 | 01 | ||
| 005 | 20251027201943.0 | ||
| 008 | 0714s1973 ag 01 | ||
| 040 |
_aAR-BaBN _bspa _cAR-BaBN _eaacr _dRIC |
||
| 082 | _a248.0000 C85 | ||
| 100 |
_aCranford, Clarence W. _914886 |
||
| 245 | _aThe overflowing life | ||
| 250 | _a1 ed. | ||
| 260 |
_aNashville : _bBroadman Press, _cc1964 |
||
| 300 | _a128 p. | ||
| 500 | _ala vida abundante | ||
| 942 | _cBK | ||
| 999 |
_c14266 _d14266 |
||